name the dirtbike brand - Statistics

General Stats
  • This quiz has been taken 360 times
  • The average score is 4 of 6
Answer Stats
Picture Answer % Correct
Yamaha
90%
Honda
89%
Kawasaki
78%
KTM
69%
suzuki
41%
Husquavana
1%
No matching quizzes found
Score Distribution
Percent of People with Each Score
Percentile by Number Answered
Your Score History
You have not taken this quiz